[Event "29th Metz Open - B"]
[Site "Longeville-les-Metz"]
[Date "2011.05.05"]
[Round "5.7"]
[White "Stephanus, Joseph"]
[Black "Renard, Luc"]
[Result "1-0"]
[WhiteElo "1959"]
[BlackElo "1744"]
[PlyCount "100"]
[EventDate "2011.05.02"]
[Source "Roland WIMMER, Pierre BECKER (FA)"]
[SourceDate "2011.05.18"]

1. c4 b6 2. Nc3 Bb7 3. e4 e6 4. Bd3 d6 5. Nf3 g6 6. Bc2 e5 7. d4 exd4 8. Qxd4
Qf6 9. Qd1 Qd8 10. Bg5 Be7 11. h4 h6 12. Be3 Nc6 13. Qd2 Ne5 14. Nxe5 dxe5 15.
Qxd8+ Rxd8 16. Nd5 c6 17. Nxe7 Kxe7 18. O-O Nf6 19. f3 Kf8 20. Rfd1 Kg7 21. Rd2
Rxd2 22. Bxd2 Re8 23. Bc3 Re7 24. Rd1 Nh5 25. Rd6 f6 26. a4 a6 27. Be1 Nf4 28.
Bf2 b5 29. cxb5 cxb5 30. axb5 axb5 31. Rb6 Ne2+ 32. Kf1 Nd4 33. Bxd4 exd4 34.
Bd3 Bc8 35. Rxb5 Ba6 36. Rb3 Bxd3+ 37. Rxd3 Rb7 38. b3 Rb4 39. Ke2 Kf7 40. Kd2
g5 41. hxg5 hxg5 42. Kc2 Ke6 43. Rd1 f5 44. Re1 fxe4 45. Rxe4+ Kd5 46. Rg4 d3+
47. Kxd3 Rxb3+ 48. Kc2 Re3 49. Rxg5+ Kc4 50. Kd2 Rd3+ 1-0

[Event "29th Metz Open - B"]
[Site "Longeville-les-Metz"]
[Date "2011.05.05"]
[Round "5.8"]
[White "Schmidt, Alain"]
[Black "Frantz, Nicolas"]
[Result "0-1"]
[WhiteElo "1866"]
[BlackElo "1742"]
[PlyCount "62"]
[EventDate "2011.05.02"]
[Source "Roland WIMMER, Pierre BECKER (FA)"]
[SourceDate "2011.05.18"]

1. d4 Nf6 2. Nf3 c5 3. d5 g6 4. c4 b5 5. b3 bxc4 6. bxc4 Bg7 7. Bb2 O-O 8. Qc2
d6 9. Nbd2 Nbd7 10. e4 Rb8 11. Bc3 Ne8 12. Bd3 Ne5 13. Nxe5 dxe5 14. O-O Nd6
15. Rab1 Rxb1 16. Rxb1 e6 17. Qb2 Qg5 18. Nf3 Qh5 19. Bxe5 Bxe5 20. Nxe5 exd5
21. cxd5 Re8 22. f4 g5 23. f5 f6 24. Be2 Qh4 25. Ng4 Nxe4 26. Nxf6+ Nxf6 27.
Qxf6 Rxe2 28. Qd8+ Kf7 29. Qc7+ Re7 30. Qa5 Qd4+ 31. Kh1 Bxf5 0-1

[Event "29th Metz Open - B"]
[Site "Longeville-les-Metz"]
[Date "2011.05.05"]
[Round "5.9"]
[White "Hirschmann, Georges"]
[Black "Thiebaux, Jean-Claude"]
[Result "1/2-1/2"]
[WhiteElo "1811"]
[BlackElo "1731"]
[PlyCount "60"]
[EventDate "2011.05.02"]
[Source "Roland WIMMER, Pierre BECKER (FA)"]
[SourceDate "2011.05.18"]

1. Nf3 d5 2. d4 c6 3. c4 Nf6 4. Nc3 Bf5 5. Qb3 Qb6 6. Qxb6 axb6 7. cxd5 cxd5 8.
Bf4 e6 9. e3 Bb4 10. Bb5+ Ke7 11. O-O Nc6 12. Bc7 Bxc3 13. bxc3 Ne4 14. c4 dxc4
15. Bxc4 Ra4 16. Bb5 Rb4 17. a4 Na7 18. Nh4 Nxb5 19. Nxf5+ exf5 20. axb5 Rxb5
21. Rab1 Rxb1 22. Rxb1 Rc8 23. Bxb6 Rc2 24. f3 Nc3 25. Bc5+ Ke6 26. Rb6+ Kd5
27. Rxb7 Rc1+ 28. Kf2 Rc2+ 29. Kg3 Ne2+ 30. Kf2 Nxd4+ 1/2-1/2

[Event "29th Metz Open - B"]
[Site "Longeville-les-Metz"]
[Date "2011.05.05"]
[Round "5.10"]
[White "N'Guyen, Emilien"]
[Black "Muller, Etienne"]
[Result "1-0"]
[WhiteElo "1781"]
[BlackElo "1717"]
[PlyCount "31"]
[EventDate "2011.05.02"]
[Source "Roland WIMMER, Pierre BECKER (FA)"]
[SourceDate "2011.05.18"]

1. d4 Nf6 2. c4 c5 3. d5 e6 4. Nc3 d6 5. e4 Be7 6. Nf3 O-O 7. Bd3 e5 8. h3 a6
9. O-O Ne8 10. a3 f5 11. exf5 Bxf5 12. b4 Bxd3 13. Qxd3 Nd7 14. Ne4 Rc8 15.
Neg5 Nc7 16. Qxh7# 1-0

[Event "29th Metz Open - B"]
[Site "Longeville-les-Metz"]
[Date "2011.05.05"]
[Round "6.1"]
[White "Malglaive, Jean-Louis"]
[Black "Donchenko, Irina"]
[Result "0-1"]
[WhiteElo "1815"]
[BlackElo "2058"]
[PlyCount "92"]
[EventDate "2011.05.02"]
[Source "Roland WIMMER, Pierre BECKER (FA)"]
[SourceDate "2011.05.18"]

1. e4 c5 2. Nf3 d6 3. d4 cxd4 4. Nxd4 Nf6 5. Nc3 a6 6. Bg5 Nbd7 7. f4 Qc7 8.
Qf3 Rb8 9. O-O-O h6 10. Bh4 g5 11. fxg5 hxg5 12. Bxg5 Ne5 13. Qe2 Bg4 14. Nf3
Bh6 15. Bxh6 Rxh6 16. Qe3 Rh8 17. Be2 Bxf3 18. gxf3 Rh3 19. Nd5 Nxd5 20. exd5
Rc8 21. Rd2 Qc5 22. Qxc5 Rxc5 23. Rf1 Nc4 24. Bxc4 Rxc4 25. f4 Re4 26. c3 Rh4
27. Rdf2 f5 28. Kc2 b5 29. Rg2 Rexf4 30. Rxf4 Rxf4 31. h3 Kf7 32. Rh2 Rh4 33.
Kd3 Kf6 34. b3 Ke5 35. c4 bxc4+ 36. bxc4 f4 37. Re2+ Kf6 38. Rh2 Kf5 39. Ke2
Ke4 40. a3 f3+ 41. Kf2 Kf4 42. Rh1 a5 43. a4 Rh8 44. h4 Rb8 45. Re1 Rb2+ 46.
Kf1 Kg3 0-1

[Event "29th Metz Open - B"]
[Site "Longeville-les-Metz"]
[Date "2011.05.05"]
[Round "6.2"]
[White "Van Rienen, Willy"]
[Black "Paturaux, Laurent"]
[Result "1/2-1/2"]
[WhiteElo "1967"]
[BlackElo "1799"]
[PlyCount "61"]
[EventDate "2011.05.02"]
[Source "Roland WIMMER, Pierre BECKER (FA)"]
[SourceDate "2011.05.18"]

1. e4 c5 2. Nf3 d6 3. Bc4 e6 4. d4 cxd4 5. Nxd4 Nf6 6. Nc3 a6 7. O-O Nbd7 8.
Be3 Qc7 9. Be2 Nc5 10. Bf3 e5 11. Nb3 Be6 12. Nxc5 dxc5 13. Nd5 Bxd5 14. exd5
Bd6 15. c4 e4 16. Be2 Bxh2+ 17. Kh1 Bd6 18. f3 h5 19. fxe4 Nxe4 20. Rf3 O-O-O
21. Bd3 f5 22. Bxe4 fxe4 23. Rf5 g6 24. Rf6 Qe7 25. Rxg6 Qh4+ 26. Kg1 Rhf8 27.
Rxd6 Rxd6 28. Bxc5 Rdf6 29. Bxf8 Qf2+ 30. Kh2 Rxf8 31. Qe1 1/2-1/2

[Event "29th Metz Open - B"]
[Site "Longeville-les-Metz"]
[Date "2011.05.05"]
[Round "6.3"]
[White "Lukas, Hubertus"]
[Black "Stephanus, Joseph"]
[Result "1-0"]
[WhiteElo "1810"]
[BlackElo "1959"]
[PlyCount "109"]
[EventDate "2011.05.02"]
[Source "Roland WIMMER, Pierre BECKER (FA)"]
[SourceDate "2011.05.18"]

1. Nc3 d5 2. e3 Nf6 3. d4 Nc6 4. Bb5 e6 5. Nce2 Bd6 6. c3 Bd7 7. Ng3 a6 8. Bxc6
Bxc6 9. f4 O-O 10. Nf3 b6 11. O-O Bb7 12. Ng5 h6 13. Nh3 c5 14. Nh5 Ne4 15. Qg4
g6 16. Nf2 Kh7 17. Ng3 f5 18. Qe2 Nxf2 19. Rxf2 b5 20. Nf1 Qe7 21. Rf3 b4 22.
Bd2 a5 23. Rh3 Ba6 24. Qd1 Bb5 25. Be1 Kg7 26. Rc1 Rfc8 27. Bh4 g5 28. Rg3 Qf7
29. dxc5 Bc7 30. Qd4+ Kh7 31. Bxg5 hxg5 32. Rxg5 Bd8 33. Rg3 Bf6 34. Qd1 Rg8
35. Rh3+ Kg7 36. cxb4 axb4 37. Qb3 Bc4 38. Rg3+ Kf8 39. Rxg8+ Kxg8 40. Qxb4
Rxa2 41. b3 Rb2 42. Qb8+ Kg7 43. b4 Bd3 44. Ng3 Be7 45. Ra1 Bxc5 46. Qe5+ Kg6
47. bxc5 Qb7 48. Qxe6+ Kh7 49. h4 d4 50. c6 Qg7 51. Qd7 Qxd7 52. cxd7 Rb8 53.
Rd1 Bb5 54. Rxd4 Rd8 55. Nxf5 1-0

[Event "29th Metz Open - B"]
[Site "Longeville-les-Metz"]
[Date "2011.05.05"]
[Round "6.4"]
[White "Azorit, Louis"]
[Black "Blanchard, Alain"]
[Result "1-0"]
[WhiteElo "2013"]
[BlackElo "1792"]
[PlyCount "133"]
[EventDate "2011.05.02"]
[Source "Roland WIMMER, Pierre BECKER (FA)"]
[SourceDate "2011.05.18"]

1. e4 e5 2. Nf3 Nc6 3. Bb5 a6 4. Bxc6 dxc6 5. O-O f6 6. d3 Bg4 7. Be3 Bd6 8.
Nbd2 Qd7 9. Re1 Ne7 10. c4 c5 11. b4 Nc6 12. bxc5 Be7 13. Qb3 O-O 14. Rab1 f5
15. exf5 Bxf5 16. Qc3 Rab8 17. Nxe5 Nxe5 18. Qxe5 Bxd3 19. c6 bxc6 20. Rxb8
Rxb8 21. Ba7 Bf6 22. Qe3 Rb2 23. Ne4 Bxe4 24. Qxe4 Rxa2 25. Be3 a5 26. g4 h6
27. Qg6 Qf7 28. Qe4 Bh4 29. Rf1 Qd7 30. Kg2 a4 31. Rb1 a3 32. Rb8+ Bd8 33. Bc5
Rb2 34. Ra8 a2 35. Qd4 Rd2 36. Qxd7 Rxd7 37. Rxa2 Be7 38. Be3 Rd6 39. Re2 Rg6
40. h3 h5 41. f3 Kf7 42. Kf2 Rf6 43. Kg2 hxg4 44. hxg4 Bd6 45. Rd2 Re6 46. Rd3
Re5 47. Kf1 Ra5 48. Ke2 g6 49. f4 Ke6 50. Kf3 Ra4 51. Rd4 Kf7 52. Re4 Ra3 53.
g5 Rc3 54. Kg4 Rc2 55. Kf3 Ra2 56. c5 Bf8 57. Rc4 Ke6 58. Ke4 Bg7 59. Rb4 Rc2
60. Rb8 Rc4+ 61. Kf3 Bd4 62. Re8+ Kf7 63. Re4 Rxc5 64. Rxd4 Rc2 65. Rd7+ Ke6
66. Rxc7 Kf5 67. Rf7+ 1-0

[Event "29th Metz Open - B"]
[Site "Longeville-les-Metz"]
[Date "2011.05.05"]
[Round "6.5"]
[White "Hartmann, Dominique"]
[Black "N'Guyen, Emilien"]
[Result "1-0"]
[WhiteElo "1983"]
[BlackElo "1781"]
[PlyCount "49"]
[EventDate "2011.05.02"]
[Source "Roland WIMMER, Pierre BECKER (FA)"]
[SourceDate "2011.05.18"]

1. c4 c5 2. g3 g6 3. Bg2 Bg7 4. Nc3 Nc6 5. e4 e5 6. Nge2 Nge7 7. a3 d6 8. O-O
O-O 9. Rb1 Be6 10. Nd5 a5 11. d3 Bxd5 12. cxd5 Nd4 13. f4 Qc7 14. Be3 a4 15.
fxe5 Bxe5 16. Nxd4 cxd4 17. Bh6 Rfd8 18. Bh3 Nc8 19. Rc1 Qb8 20. Qc2 Ra5 21.
Qc7 Qxc7 22. Rxc7 Rc5 23. Rcxf7 Rc1 24. Rxc1 Kxf7 25. Rxc8 1-0

[Event "29th Metz Open - B"]
[Site "Longeville-les-Metz"]
[Date "2011.05.05"]
[Round "6.6"]
[White "Hector, Pierre"]
[Black "Frantz, Nicolas"]
[Result "1/2-1/2"]
[WhiteElo "1890"]
[BlackElo "1742"]
[PlyCount "52"]
[EventDate "2011.05.02"]
[Source "Roland WIMMER, Pierre BECKER (FA)"]
[SourceDate "2011.05.18"]

1. e4 c5 2. Nf3 Nc6 3. d4 cxd4 4. Nxd4 g6 5. c4 d6 6. Nc3 Nf6 7. Be2 Nxd4 8.
Qxd4 Bg7 9. O-O O-O 10. Qd1 Be6 11. Be3 Qa5 12. Qd2 Rfc8 13. b3 a6 14. Rac1 b5
15. Nd5 Qxd2 16. Bxd2 Nxd5 17. exd5 Bd7 18. Be3 Bb2 19. Rc2 Ba3 20. Bd3 bxc4
21. bxc4 Rab8 22. Rc3 Bb4 23. Rc2 Ba3 24. Rc3 Bb4 25. Rc2 Ba3 26. Rc3 Bb4
1/2-1/2

[Event "29th Metz Open - B"]
[Site "Longeville-les-Metz"]
[Date "2011.05.05"]
[Round "6.7"]
[White "Bianchi, Tobias"]
[Black "Vaillant, Stephane"]
[Result "0-1"]
[WhiteElo "1653"]
[BlackElo "1998"]
[PlyCount "76"]
[EventDate "2011.05.02"]
[Source "Roland WIMMER, Pierre BECKER (FA)"]
[SourceDate "2011.05.18"]

1. d4 e6 2. c4 Nf6 3. Nc3 Bb4 4. e3 O-O 5. Bd3 d5 6. Nge2 c5 7. O-O cxd4 8.
exd4 dxc4 9. Bxc4 Nbd7 10. Bf4 Nb6 11. Bb3 Bd7 12. d5 exd5 13. Nxd5 Nfxd5 14.
Bxd5 Nxd5 15. Qxd5 Bc6 16. Qb3 Qe7 17. Nd4 Bxg2 18. Nf5 Qe4 19. Qg3 Qxf5 20.
Kxg2 Qg6 21. Qxg6 fxg6 22. Be3 a6 23. Rfd1 Rad8 24. Bg5 Rxd1 25. Rxd1 h6 26.
Be3 Re8 27. b3 Re7 28. Bf4 Kf7 29. Bd6 Rd7 30. Bxb4 Rxd1 31. Bc5 b5 32. h3 Ra1
33. a3 Rb1 34. b4 Rb3 35. f3 Rxa3 36. Kg3 a5 37. bxa5 Rxa5 38. Kg4 b4 0-1

[Event "29th Metz Open - B"]
[Site "Longeville-les-Metz"]
[Date "2011.05.05"]
[Round "6.8"]
[White "Hehn, Aymeric"]
[Black "Mitrovic, Slobodan"]
[Result "1/2-1/2"]
[WhiteElo "1853"]
[BlackElo "1915"]
[PlyCount "86"]
[EventDate "2011.05.02"]
[Source "Roland WIMMER, Pierre BECKER (FA)"]
[SourceDate "2011.05.18"]

1. d4 d5 2. c4 e6 3. Nf3 Bb4+ 4. Bd2 Bxd2+ 5. Nbxd2 Ne7 6. e3 O-O 7. Rc1 Nd7 8.
c5 c6 9. Bd3 h6 10. O-O b5 11. a4 a6 12. b4 Qc7 13. Re1 f5 14. a5 e5 15. dxe5
Nxe5 16. Nxe5 Qxe5 17. Nf3 Qf6 18. Nd4 Bd7 19. Rc2 Ng6 20. Nf3 Rfe8 21. Qa1 Qe7
22. Rce2 Nh8 23. Qb1 g6 24. h3 Nf7 25. Qc2 Ng5 26. Nxg5 Qxg5 27. f3 Re7 28. e4
fxe4 29. fxe4 dxe4 30. Bxe4 Rae8 31. Bf3 Rxe2 32. Rxe2 Rxe2 33. Qxe2 Qf6 34.
Qe4 Kf7 35. Bg4 Bxg4 36. Qxg4 Qa1+ 37. Kh2 Qe5+ 38. Kg1 Qe1+ 39. Kh2 Qe5+ 40.
Kg1 Qf5 41. Qd4 h5 42. Kh2 Qe6 43. Qf4+ Kg7 1/2-1/2

[Event "29th Metz Open - B"]
[Site "Longeville-les-Metz"]
[Date "2011.05.05"]
[Round "6.9"]
[White "Micottis, Dorian"]
[Black "Hirschmann, Georges"]
[Result "1-0"]
[WhiteElo "1783"]
[BlackElo "1811"]
[PlyCount "33"]
[EventDate "2011.05.02"]
[Source "Roland WIMMER, Pierre BECKER (FA)"]
[SourceDate "2011.05.18"]

1. d4 Nf6 2. Bf4 e6 3. e3 b6 4. Nf3 Bb7 5. Bd3 Be7 6. Nbd2 d5 7. c3 O-O 8. Ne5
Nbd7 9. Qf3 c5 10. Qh3 Re8 11. g4 Nf8 12. Ndf3 a6 13. g5 Ne4 14. Nxf7 Kxf7 15.
Ne5+ Kg8 16. g6 Nxg6 17. Qxe6+ 1-0

[Event "29th Metz Open - B"]
[Site "Longeville-les-Metz"]
[Date "2011.05.05"]
[Round "6.10"]
[White "Mangin, Jean-Marie"]
[Black "Pierrot, Fabrice"]
[Result "0-1"]
[WhiteElo "1650"]
[BlackElo "1767"]
[PlyCount "78"]
[EventDate "2011.05.02"]
[Source "Roland WIMMER, Pierre BECKER (FA)"]
[SourceDate "2011.05.18"]

1. e4 c5 2. Nf3 d6 3. d4 cxd4 4. Nxd4 Nf6 5. Nc3 a6 6. Be2 e5 7. Nf3 Be7 8. h3
O-O 9. O-O b5 10. a3 Bb7 11. Bd3 Nbd7 12. Be3 Rc8 13. Rc1 d5 14. exd5 Bxa3 15.
bxa3 Rxc3 16. Bd2 Rc8 17. Bb4 e4 18. Bxe4 Nxe4 19. Bxf8 Nxf8 20. c4 bxc4 21.
Qd4 Qxd5 22. Qxd5 Bxd5 23. Rfd1 Be6 24. Rd4 Nc5 25. Rc3 Nfd7 26. Ng5 Nb6 27.
Nxe6 fxe6 28. f3 Nca4 29. Rc2 Rc5 30. Kf2 Rb5 31. Ke2 Rb3 32. Rf4 Rxa3 33. Kd2
Rd3+ 34. Ke2 Nc3+ 35. Ke1 a5 36. Rc1 a4 37. Ra1 Ncd5 38. Re4 Kf7 39. Ke2 Nc3+
0-1

[Event "29th Metz Open - B"]
[Site "Longeville-les-Metz"]
[Date "2011.05.05"]
[Round "6.26"]
[White "Tomassi, Pierre"]
[Black "Ledieu, Paul"]
[Result "0-1"]
[WhiteElo "1360"]
[BlackElo "1524"]
[PlyCount "56"]
[Annotator ""]
[Source "Roland WIMMER, Pierre BECKER (FA)"]
[SourceDate "2011.05.18"]

1. e4 c5 2. Nf3 d6 3. Nc3 Nf6 4. Bc4 g6 5. d3 Bg7 6. Be3 Nc6 7. Qd2 O-O 8.
Bh6 a6 9. Bxg7 Kxg7 10. a3 b5 11. Bd5 Bd7 12. b4 Rc8 13. O-O cxb4 14. axb4
Nxb4 15. Bb7 Rc7 16. Bxa6 Nxa6 17. Rxa6 Qc8 18. Nxb5 Bxb5 19. Ra2 Qd7 20.
c4 Bc6 21. Rfa1 Rcc8 22. Ra7 Rc7 23. R7a6 e6 24. Qa5 Rfc8 25. e5 dxe5 26.
Nxe5 Qd4 27. h3 Bd7 28. Qb4 Qxe5 0-1

[Event "29th Metz Open - B"]
[Site "Longeville-les-Metz"]
[Date "2011.05.06"]
[Round "7.1"]
[White "Lukas, Hubertus"]
[Black "Malglaive, Jean-Louis"]
[Result "0-1"]
[WhiteElo "1810"]
[BlackElo "1815"]
[PlyCount "54"]
[EventDate "2011.05.02"]
[Source "Roland WIMMER, Pierre BECKER (FA)"]
[SourceDate "2011.05.18"]

1. Nc3 d5 2. e3 c5 3. g4 e5 4. Bg2 Be6 5. h3 Nc6 6. Nce2 h5 7. gxh5 Rxh5 8. Ng3
Rh7 9. c4 Nf6 10. d3 dxc4 11. Bd2 Qxd3 12. Bxc6+ bxc6 13. Rc1 Ne4 14. Nf3 Rd8
15. Nf1 f6 16. Qa4 Qd5 17. Ba5 Rd7 18. Rg1 Rxh3 19. N3d2 Nxd2 20. Nxd2 Rh1 21.
Rf1 Rxf1+ 22. Nxf1 Qh1 23. Rd1 Bh3 24. Ke2 Bg4+ 25. Ke1 Rxd1+ 26. Qxd1 Bxd1 27.
Bc7 Bf3 0-1

[Event "29th Metz Open - B"]
[Site "Longeville-les-Metz"]
[Date "2011.05.06"]
[Round "7.2"]
[White "Donchenko, Irina"]
[Black "Hartmann, Dominique"]
[Result "1/2-1/2"]
[WhiteElo "2058"]
[BlackElo "1983"]
[PlyCount "151"]
[EventDate "2011.05.02"]
[Source "Roland WIMMER, Pierre BECKER (FA)"]
[SourceDate "2011.05.18"]

1. c4 Nf6 2. Nc3 g6 3. e4 d6 4. d4 Bg7 5. Nf3 O-O 6. Be2 c5 7. h3 cxd4 8. Nxd4
Nc6 9. Be3 a6 10. O-O Bd7 11. Nb3 Be8 12. Rc1 Nd7 13. Qd2 b6 14. Rfd1 Nc5 15.
Nd4 Nxd4 16. Bxd4 Bc6 17. Bxg7 Kxg7 18. b4 Ne6 19. Nd5 Kg8 20. Qe3 Rb8 21. e5
Re8 22. Bf3 Ba8 23. Qc3 dxe5 24. Qxe5 Qc8 25. Re1 Qd7 26. Bg4 Rec8 27. Bxe6
fxe6 28. Nf4 Qd6 29. Qxd6 exd6 30. Nxe6 d5 31. c5 bxc5 32. Rxc5 Re8 33. Rcc1
Rxb4 34. Nc7 Rxe1+ 35. Rxe1 Bb7 36. Rd1 Rb2 37. a4 Rb4 38. Nxd5 Rxa4 39. Nb6
Re4 40. Rd7 Bc6 41. Ra7 Bb5 42. Nd5 Re6 43. Nc7 Rb6 44. g4 g5 45. Kh2 Rf6 46.
Kg3 Rf7 47. Ra8+ Kg7 48. Nxb5 axb5 49. Rb8 h6 50. Rxb5 Kg6 51. Rb6+ Kg7 52. f3
Ra7 53. h4 Rf7 54. h5 Ra7 55. Kf2 Re7 56. Rg6+ Kh7 57. Rd6 Kg7 58. Rd4 Kf6 59.
Rd8 Kg7 60. Rd3 Kf6 61. Re3 Ra7 62. Rc3 Re7 63. Kg3 Ra7 64. f4 gxf4+ 65. Kxf4
Ra4+ 66. Kg3 Ra6 67. Rc4 Rb6 68. Rc8 Kg7 69. Rc7+ Kh8 70. Re7 Ra6 71. Kf4 Rf6+
72. Ke5 Rf1 73. Ke6 Rf4 74. Re8+ Kg7 75. Re7+ Kg8 76. Re8+ 1/2-1/2

[Event "29th Metz Open - B"]
[Site "Longeville-les-Metz"]
[Date "2011.05.06"]
[Round "7.3"]
[White "Paturaux, Laurent"]
[Black "Azorit, Louis"]
[Result "1-0"]
[WhiteElo "1799"]
[BlackElo "2013"]
[PlyCount "109"]
[EventDate "2011.05.02"]
[Source "Roland WIMMER, Pierre BECKER (FA)"]
[SourceDate "2011.05.18"]

1. d4 b5 2. Nf3 Bb7 3. Nbd2 Nf6 4. g3 e6 5. Bg2 d5 6. O-O Nbd7 7. e4 dxe4 8.
Ng5 Be7 9. Qe2 c6 10. Ngxe4 O-O 11. Nb3 Nxe4 12. Bxe4 Nf6 13. Bg2 Qc7 14. Bf4
Bd6 15. Bxd6 Qxd6 16. Nc5 Rab8 17. Qe5 Rfd8 18. Qxd6 Rxd6 19. Rfd1 a5 20. a4 b4
21. c3 Bc8 22. h3 Bd7 23. g4 h6 24. f4 Be8 25. Re1 bxc3 26. bxc3 Nd5 27. Ne4
Rdd8 28. f5 exf5 29. gxf5 Bd7 30. f6 Nf4 31. Kh2 Rb2 32. Rg1 Bf5 33. Nc5 g5 34.
Rae1 Bxh3 35. Re4 Bxg2 36. Rxf4 Bd5+ 37. Kh3 Re8 38. Rff1 Re3+ 39. Kg4 Rxc3 40.
Re1 Kh7 41. Kf5 Rf3+ 42. Ke5 Kg6 43. Nd7 Rf5+ 44. Kd6 Bf3 45. Re5 Rd2 46. Ke7
g4 47. Nf8+ Kg5 48. Ne6+ fxe6 49. f7 Rxd4 50. Rxf5+ exf5 51. f8=Q Re4+ 52. Kf7
Rxa4 53. Qg7+ Kf4 54. Qxh6+ Ke4 55. Qxc6+ 1-0

[Event "29th Metz Open - B"]
[Site "Longeville-les-Metz"]
[Date "2011.05.06"]
[Round "7.4"]
[White "Frantz, Nicolas"]
[Black "Van Rienen, Willy"]
[Result "0-1"]
[WhiteElo "1742"]
[BlackElo "1967"]
[Annotator "(...64-66)"]
[PlyCount "51"]
[EventDate "2011.05.02"]
[Source "Roland WIMMER, Pierre BECKER (FA)"]
[SourceDate "2011.05.18"]

1. e4 Nc6 2. Nf3 d6 3. Bc4 Nf6 4. d3 g6 5. Nc3 Bg7 6. h3 Na5 7. Bb3 Nxb3 8.
axb3 a6 9. O-O O-O 10. d4 d5 11. e5 Ne4 12. Qe2 Nxc3 13. bxc3 Bd7 14. Ba3 Re8
15. Nh2 b5 16. Qf3 Bf5 17. Qd1 f6 18. f4 fxe5 19. fxe5 Rf8 20. Qd2 Rf7 21. Qg5
e6 22. Nf3 Bxc2 23. Qxd8+ Rxd8 24. Ng5 Rxf1+ 25. Rxf1 Bf5 26. g4 0-1

[Event "29th Metz Open - B"]
[Site "Longeville-les-Metz"]
[Date "2011.05.06"]
[Round "7.5"]
[White "Vaillant, Stephane"]
[Black "Micottis, Dorian"]
[Result "1-0"]
[WhiteElo "1998"]
[BlackElo "1783"]
[PlyCount "53"]
[EventDate "2011.05.02"]
[Source "Roland WIMMER, Pierre BECKER (FA)"]
[SourceDate "2011.05.18"]

1. d4 Nf6 2. Nf3 g6 3. c4 Bg7 4. Nc3 d5 5. Bf4 O-O 6. e3 c5 7. dxc5 Qa5 8. Rc1
Ne4 9. cxd5 Nxc3 10. bxc3 Bxc3+ 11. Nd2 Bf5 12. e4 Bxe4 13. Qb3 Bxd2+ 14. Bxd2
Qd8 15. Bc4 Bxg2 16. Rg1 Be4 17. Bh6 Qa5+ 18. Kf1 Re8 19. Qxb7 Na6 20. Qxa6
Qxa6 21. Bxa6 Bxd5 22. c6 Be6 23. Bb7 Rab8 24. Bf4 Bh3+ 25. Ke1 e5 26. Be3 Bc8
27. Bxa7 1-0

[Event "29th Metz Open - B"]
[Site "Longeville-les-Metz"]
[Date "2011.05.06"]
[Round "7.6"]
[White "Pierrot, Fabrice"]
[Black "Hector, Pierre"]
[Result "0-1"]
[WhiteElo "1767"]
[BlackElo "1890"]
[PlyCount "66"]
[EventDate "2011.05.02"]
[Source "Roland WIMMER, Pierre BECKER (FA)"]
[SourceDate "2011.05.18"]

1. e4 c5 2. Nf3 d6 3. d4 cxd4 4. Nxd4 Nf6 5. Nc3 a6 6. Bg5 e6 7. f4 Nc6 8. Nxc6
bxc6 9. Be2 h6 10. Bxf6 gxf6 11. e5 fxe5 12. fxe5 dxe5 13. Qxd8+ Kxd8 14. Ne4
Be7 15. O-O-O+ Kc7 16. Rd3 f5 17. Nc3 Bb7 18. Bh5 Rad8 19. Rg3 Rhg8 20. Rxg8
Rxg8 21. g3 Rd8 22. Bf7 Bc8 23. Re1 Bg5+ 24. Kb1 e4 25. Ne2 a5 26. c3 c5 27. h4
Bd2 28. Rg1 Rf8 29. Bh5 e5 30. Kc2 e3 31. Bg6 f4 32. gxf4 exf4 33. Be4 f3 0-1

[Event "29th Metz Open - B"]
[Site "Longeville-les-Metz"]
[Date "2011.05.06"]
[Round "7.7"]
[White "Steininger, Denis"]
[Black "Renard, Luc"]
[Result "1-0"]
[WhiteElo "1978"]
[BlackElo "1744"]
[PlyCount "57"]
[EventDate "2011.05.02"]
[Source "Roland WIMMER, Pierre BECKER (FA)"]
[SourceDate "2011.05.18"]

1. e4 e6 2. d4 d5 3. Nc3 dxe4 4. Nxe4 Nd7 5. Nf3 Ngf6 6. Bg5 h6 7. Bh4 Be7 8.
Nxf6+ Nxf6 9. Bd3 c5 10. dxc5 Bxc5 11. Bb5+ Bd7 12. Bxd7+ Qxd7 13. Bxf6 gxf6
14. Qxd7+ Kxd7 15. O-O-O+ Ke7 16. Rhf1 Rhd8 17. Rxd8 Rxd8 18. Ne1 Rg8 19. g3
Rd8 20. Nd3 Bb6 21. f4 Be3+ 22. Kd1 Bd4 23. Ke2 Rc8 24. c3 Bb6 25. Rc1 Rc4 26.
Kf3 Rc8 27. g4 Rd8 28. Ke2 Rg8 29. h3 1-0

[Event "29th Metz Open - B"]
[Site "Longeville-les-Metz"]
[Date "2011.05.06"]
[Round "7.8"]
[White "Stephanus, Joseph"]
[Black "Muller, Etienne"]
[Result "0-1"]
[WhiteElo "1959"]
[BlackElo "1717"]
[PlyCount "92"]
[EventDate "2011.05.02"]
[Source "Roland WIMMER, Pierre BECKER (FA)"]
[SourceDate "2011.05.18"]

1. c4 Nf6 2. Nf3 g6 3. Nc3 Bg7 4. g3 O-O 5. Bg2 d5 6. cxd5 Nxd5 7. e4 Nb6 8. d4
c5 9. d5 e6 10. dxe6 Qxd1+ 11. Kxd1 Bxe6 12. Be3 Rd8+ 13. Kc2 Na6 14. a3 Nc4
15. Bg5 f6 16. Bd2 f5 17. Bg5 fxe4 18. Nh4 Rf8 19. Rhf1 b5 20. Bxe4 b4 21. Bxa8
bxc3 22. bxc3 Rxa8 23. Rfd1 Nc7 24. Rd8+ Rxd8 25. Bxd8 Nd5 26. Re1 Bf7 27. Kd3
Nxc3 28. Re7 Ne5+ 29. Kxc3 Nc6+ 30. Kc2 Nxe7 31. Bxe7 Bd4 32. f4 Bd5 33. g4 c4
34. f5 Be4+ 35. Kc1 c3 36. Bg5 Bc5 37. fxg6 hxg6 38. Kd1 Bxa3 39. Bc1 c2+ 40.
Kd2 Bxc1+ 41. Kxc1 Kf7 42. Nxg6 Kxg6 43. h4 a5 44. Kb2 a4 45. h5+ Kg5 46. h6
a3+ 0-1

[Event "29th Metz Open - B"]
[Site "Longeville-les-Metz"]
[Date "2011.05.06"]
[Round "7.9"]
[White "Blanchard, Alain"]
[Black "Farnoud, Esmaeel"]
[Result "1-0"]
[WhiteElo "1792"]
[BlackElo "1920"]
[PlyCount "65"]
[EventDate "2011.05.02"]
[Source "Roland WIMMER, Pierre BECKER (FA)"]
[SourceDate "2011.05.18"]

1. d4 d5 2. c4 c6 3. Nc3 Nf6 4. Nf3 e6 5. Bg5 Be7 6. e3 Nbd7 7. Rc1 O-O 8. Bd3
dxc4 9. Bxc4 b5 10. Bd3 a6 11. O-O Bb7 12. Qe2 c5 13. dxc5 Nxc5 14. Bb1 Nce4
15. Nxe4 Nxe4 16. Bf4 Rc8 17. Rfd1 Rxc1 18. Rxc1 Bf6 19. Rd1 Qb6 20. Ne5 Bxe5
21. Bxe5 f6 22. Bd4 Qc6 23. f3 Ng5 24. h4 Nf7 25. Qd3 f5 26. a3 e5 27. Bc3 e4
28. Qd4 Qg6 29. f4 h6 30. Ba2 h5 31. Qc5 Qc6 32. Qxf5 Qc7 33. Qg6 1-0

[Event "29th Metz Open - B"]
[Site "Longeville-les-Metz"]
[Date "2011.05.06"]
[Round "7.10"]
[White "Mitrovic, Slobodan"]
[Black "Bianchi, Tobias"]
[Result "1-0"]
[WhiteElo "1915"]
[BlackElo "1653"]
[PlyCount "91"]
[EventDate "2011.05.02"]
[Source "Roland WIMMER, Pierre BECKER (FA)"]
[SourceDate "2011.05.18"]

1. e4 c5 2. Nf3 Nc6 3. c3 Nf6 4. e5 Nd5 5. d4 cxd4 6. cxd4 e6 7. Bc4 Nb6 8. Bb3
d6 9. O-O Be7 10. Nc3 O-O 11. Bf4 d5 12. Rc1 a6 13. Na4 Nxa4 14. Bxa4 Na5 15.
Bc2 Bd7 16. Bd3 Bb5 17. Qe2 Bxd3 18. Qxd3 Qd7 19. Bd2 Nc4 20. Rc2 Rac8 21. Rfc1
Nxd2 22. Qxd2 h6 23. a3 Rc6 24. Rxc6 bxc6 25. Ne1 Rb8 26. Nd3 Qb7 27. g3 Qb5
28. Rc3 Rb6 29. Qc2 a5 30. Kg2 Kf8 31. a4 Qa6 32. Nc5 Bxc5 33. Rxc5 Kg8 34. b3
g5 35. Rc3 Qb7 36. Qd3 Rb4 37. Qe3 c5 38. Rxc5 Rxb3 39. Qc1 Rb1 40. Rc8+ Kg7
41. Qc5 Qb4 42. Ra8 Ra1 43. Qc8 Kg6 44. Qg8+ Kf5 45. Qh7+ Kg4 46. h3+ 1-0